[Event "FICGS W-ch st2 g02 email"]
[Site "FICGS email"]
[Date "2020.10.07"]
[Round "1"]
[White "Frenkel, Alex"]
[Black "Duttagupta, Aniruddha"]
[Result "0-1"]
[WhiteElo "2163"]
[BlackElo "2138"]
[PlyCount "96"]
[EventDate "2020.??.??"]
[EventType "tourn (corr)"]
[EventRounds "8"]
[SourceTitle "Corr 2022"]
[Source "ChessBase"]
[SourceDate "2021.10.24"]
[SourceVersion "1"]
[SourceVersionDate "2021.10.24"]
[SourceQuality "1"]

1. e4 c5 2. Nf3 d6 3. d4 cxd4 4. Nxd4 Nf6 5. Nc3 a6 6. Be3 e5 7. Nb3 Be6 8. Qd2 Nbd7 9. f3 h5 10. Nd5 Bxd5 11. exd5 g6 12. 0-0-0 Nb6 13. Qa5 Bh6 14. Bxh6 Rxh6 15. Qd2 Rh7 16. f4 Nbd7 17. g3 Rc8 18. Bd3 h4 19. Kb1 Kf8 20. Rhf1 e4 21. Be2 hxg3 22. hxg3 Qb6 23. g4 Re8 24. Rh1 Rxh1 25. Rxh1 e3 26. Qd3 Qb4 27. c4 b5 28. g5 Nh5 29. Bxh5 gxh5 30. Rxh5 Qe1+ 31. Nc1 Ke7 32. Rh7 Kd8 33. Qe2 Qg3 34. Rxf7 Re7 35. Rxe7 Kxe7 36. cxb5 axb5 37. Nd3 Qh3 38. b3 Qh1+ 39. Ne1 Qg1 40. Kc2 Qf2 41. Kd1 Qg1 42. Qxb5 Nc5 43. Qe2 Kd8 44. g6 Qxg6 45. Qxe3 Qb1+ 46. Ke2 Qxa2+ 47. Kf3 Qxb3 48. Qxb3 Nxb3 0-1

[Event "FICGS rapid M 000113 email"]
[Site "FICGS email"]
[Date "2020.03.26"]
[Round "1"]
[White "Rodriguez Perez, Rene"]
[Black "Frenkel, Alex"]
[Result "1/2-1/2"]
[WhiteElo "2156"]
[BlackElo "2132"]
[PlyCount "48"]
[EventDate "2020.??.??"]
[EventType "tourn (rapid)"]
[EventRounds "6"]
[SourceTitle "Corr 2022"]
[Source "ChessBase"]
[SourceDate "2021.10.24"]
[SourceVersion "1"]
[SourceVersionDate "2021.10.24"]
[SourceQuality "1"]

1. e4 e5 2. Nf3 Nc6 3. Bc4 Nf6 4. d3 Bc5 5. h3 h6 6. c3 d6 7. Nbd2 a5 8. 0-0 0-0 9. Re1 Bd7 10. a4 Be6 11. b3 Ne7 12. Nf1 Ng6 13. Bd2 c6 14. d4 Bb6 15. Bxe6 fxe6 16. Ng3 Nd7 17. Be3 Qe7 18. Ra2 exd4 19. cxd4 Qf7 20. Rc2 Rae8 21. Qb1 Qe7 22. Qd1 Qf7 23. Qb1 Qe7 24. Qd1 Qf7 1/2-1/2

[Event "FICGS class A 000227 email"]
[Site "FICGS email"]
[Date "2020.03.24"]
[Round "1"]
[White "Slawomir, Weglicki"]
[Black "Frenkel, Alex"]
[Result "1/2-1/2"]
[WhiteElo "2109"]
[BlackElo "2132"]
[PlyCount "69"]
[EventDate "2020.??.??"]
[EventType "tourn (corr)"]
[EventRounds "6"]
[SourceTitle "Corr 2022"]
[Source "ChessBase"]
[SourceDate "2021.10.24"]
[SourceVersion "1"]
[SourceVersionDate "2021.10.24"]
[SourceQuality "1"]

1. e4 e5 2. Nf3 Nc6 3. Bb5 a6 4. Bxc6 dxc6 5. 0-0 Qf6 6. d3 Ne7 7. Be3 Ng6 8. h3 Bd6 9. Nbd2 h6 10. Re1 0-0 11. Nf1 Bd7 12. Ng3 Rfd8 13. Nd2 c5 14. Qe2 b5 15. a3 Nf4 16. Bxf4 Qxf4 17. Nf3 Qf6 18. Reb1 Rdb8 19. c3 Re8 20. Nf1 c6 21. Ne3 Bf8 22. a4 Red8 23. b3 g6 24. axb5 axb5 25. c4 Qd6 26. Qd1 Be6 27. Rxa8 Rxa8 28. Ne1 h5 29. Ra1 Qd8 30. Rxa8 Qxa8 31. Nf3 Bg7 32. Ng5 Bd7 33. Nf3 b4 34. Qb1 Qa6 35. Kf1 1/2-1/2

[Event "FICGS W-ch st1 g03 email"]
[Site "FICGS email"]
[Date "2020.03.01"]
[Round "1"]
[White "Broekhuizen, A T S"]
[Black "Frenkel, Alex"]
[Result "1/2-1/2"]
[WhiteElo "1895"]
[BlackElo "2034"]
[PlyCount "74"]
[EventDate "2020.??.??"]
[EventType "tourn (corr)"]
[EventRounds "8"]
[SourceTitle "Corr 2022"]
[Source "ChessBase"]
[SourceDate "2021.10.24"]
[SourceVersion "1"]
[SourceVersionDate "2021.10.24"]
[SourceQuality "1"]

1. e4 e5 2. Nf3 Nc6 3. Bb5 a6 4. Ba4 Nf6 5. 0-0 Be7 6. Re1 b5 7. Bb3 0-0 8. c3 d6 9. a4 b4 10. d3 Rb8 11. Nbd2 Na5 12. Ba2 c5 13. Nc4 Nc6 14. Ne3 Be6 15. Nd5 Re8 16. Nd2 bxc3 17. bxc3 Na5 18. Nxf6+ Bxf6 19. Bxe6 Rxe6 20. Nf1 Re7 21. Ne3 Nb3 22. Rb1 Nxc1 23. Rxb8 Qxb8 24. Nd5 Rb7 25. Qxc1 Bd8 26. g3 Rb2 27. d4 Qb3 28. dxe5 dxe5 29. Qe3 Rb1 30. Rxb1 Qxb1+ 31. Kg2 Qc2 32. a5 Qb1 33. Qxc5 Qxe4+ 34. Kg1 Qe1+ 35. Kg2 Qe4+ 36. Kg1 Qe1+ 37. Kg2 Qe4+ 1/2-1/2

[Event "FICGS rapid A 000250 email"]
[Site "FICGS email"]
[Date "2020.01.31"]
[Round "1"]
[White "Frenkel, Alex"]
[Black "Faust, Dieter"]
[Result "1/2-1/2"]
[WhiteElo "2034"]
[BlackElo "1979"]
[PlyCount "97"]
[EventDate "2020.??.??"]
[EventType "tourn (rapid)"]
[EventRounds "6"]
[SourceTitle "Corr 2022"]
[Source "ChessBase"]
[SourceDate "2021.10.24"]
[SourceVersion "1"]
[SourceVersionDate "2021.10.24"]
[SourceQuality "1"]

1. e4 c5 2. Nf3 Nc6 3. d4 cxd4 4. Nxd4 Nf6 5. Nc3 d6 6. Bg5 Bd7 7. Qd2 a6 8. f4 e6 9. Nf3 Be7 10. 0-0-0 b5 11. Bxf6 gxf6 12. f5 0-0 13. Kb1 Kh8 14. Ne2 Qa5 15. g3 Qxd2 16. Nxd2 Ne5 17. Bh3 Rg8 18. Nf4 Ng4 19. Bxg4 Rxg4 20. Rhe1 Re8 21. Re3 Rg5 22. Rc3 Rc8 23. Rxc8+ Bxc8 24. c4 bxc4 25. fxe6 c3 26. Rc1 fxe6 27. Rxc3 Rc5 28. Rxc5 dxc5 29. Kc2 Kg7 30. Kc3 Kf7 31. Nb3 e5 32. Nd5 Bf8 33. Kc4 Bg4 34. Nxc5 Be2+ 35. Nd3 a5 36. a3 Ke6 37. Nc3 Bf1 38. g4 h5 39. gxh5 f5 40. b4 axb4 41. axb4 Bxb4 42. Kxb4 Bxd3 43. h6 Kf7 44. exf5 Bxf5 45. Kc4 Kg6 46. Kd5 Kxh6 47. Kxe5 Kh5 48. Kxf5 Kh4 49. Nd1 1/2-1/2

[Event "FICGS rapid A 000249 email"]
[Site "FICGS email"]
[Date "2020.01.02"]
[Round "1"]
[White "Frenkel, Alex"]
[Black "Quintero, Raul"]
[Result "1-0"]
[WhiteElo "2034"]
[BlackElo "2091"]
[PlyCount "55"]
[EventDate "2020.??.??"]
[EventType "tourn (rapid)"]
[EventRounds "6"]
[SourceTitle "Corr 2022"]
[Source "ChessBase"]
[SourceDate "2021.10.24"]
[SourceVersion "1"]
[SourceVersionDate "2021.10.24"]
[SourceQuality "1"]

1. e4 e5 2. Nf3 Nc6 3. Bb5 a6 4. Ba4 Nf6 5. 0-0 b5 6. Bb3 Be7 7. d4 d6 8. c3 0-0 9. Nbd2 Bg4 10. h3 Bxf3 11. Nxf3 exd4 12. cxd4 Na5 13. Bc2 c5 14. e5 dxe5 15. dxe5 Qxd1 16. Rxd1 Ne8 17. a4 b4 18. Rd7 Bd8 19. Be3 Bb6 20. Ng5 g6 21. Rad1 Ra7 22. Rxa7 Bxa7 23. Rd7 Bb6 24. Bd3 Ng7 25. Ne4 Rd8 26. Nf6+ Kh8 27. Rxf7 Nb3 28. Bh6 1-0

[Event "FICGS class C 000316 email"]
[Site "FICGS email"]
[Date "2019.12.25"]
[Round "1"]
[White "Frenkel, Alex"]
[Black "Satonnet, Patrick"]
[Result "1/2-1/2"]
[WhiteElo "1980"]
[BlackElo "1896"]
[PlyCount "65"]
[EventDate "2019.??.??"]
[EventType "tourn (corr)"]
[EventRounds "1"]
[SourceTitle "Corr 2022"]
[Source "ChessBase"]
[SourceDate "2021.10.24"]
[SourceVersion "1"]
[SourceVersionDate "2021.10.24"]
[SourceQuality "1"]

1. e4 c5 2. Nf3 Nc6 3. d4 cxd4 4. Nxd4 Nf6 5. Nc3 e5 6. Ndb5 d6 7. Bg5 a6 8. Na3 Be6 9. Nc4 Qc7 10. Bxf6 gxf6 11. Ne3 Ne7 12. Qf3 0-0-0 13. Qxf6 Rg8 14. Bd3 Kb8 15. 0-0 h5 16. Rae1 Bg7 17. Qf3 h4 18. Ned5 Nxd5 19. Nxd5 Bxd5 20. exd5 Bh6 21. Kh1 Bg5 22. b4 Rdf8 23. Rb1 Bf4 24. b5 a5 25. g4 Qb6 26. h3 Rc8 27. c4 Rh8 28. Rfd1 Rhe8 29. Rb2 Ka7 30. Rdb1 Bg5 31. Rc2 Bf4 32. Bf5 Rc7 33. Qd3 1/2-1/2

[Event "FICGS class C 000314 email"]
[Site "FICGS email"]
[Date "2019.11.25"]
[Round "1"]
[White "Frenkel, Alex"]
[Black "Komar, Valerij"]
[Result "1-0"]
[WhiteElo "1980"]
[BlackElo "1800"]
[PlyCount "45"]
[EventDate "2019.??.??"]
[EventType "tourn (corr)"]
[EventRounds "1"]
[SourceTitle "Corr 2022"]
[Source "ChessBase"]
[SourceDate "2021.10.24"]
[SourceVersion "1"]
[SourceVersionDate "2021.10.24"]
[SourceQuality "1"]

1. e4 e5 2. Nf3 Nc6 3. Bb5 a6 4. Ba4 Nf6 5. 0-0 Nxe4 6. d4 Be7 7. Re1 b5 8. Rxe4 d5 9. Nxe5 Nxe5 10. Rxe5 bxa4 11. Nc3 c6 12. Qe1 Be6 13. f4 g6 14. Nxa4 0-0 15. f5 gxf5 16. Nc5 Bxc5 17. dxc5 Qf6 18. Bf4 h6 19. Re3 Rfc8 20. Be5 Qe7 21. Rg3+ Kf8 22. Bd6 Qxd6 23. cxd6 1-0

[Event "FICGS class C 000314 email"]
[Site "FICGS email"]
[Date "2019.11.25"]
[Round "1"]
[White "Valentinovich, Vladimir"]
[Black "Frenkel, Alex"]
[Result "0-1"]
[WhiteElo "1800"]
[BlackElo "1980"]
[PlyCount "58"]
[EventDate "2019.??.??"]
[EventType "tourn (corr)"]
[EventRounds "1"]
[SourceTitle "Corr 2022"]
[Source "ChessBase"]
[SourceDate "2021.10.24"]
[SourceVersion "1"]
[SourceVersionDate "2021.10.24"]
[SourceQuality "1"]

1. e4 e5 2. Nf3 Nc6 3. Nc3 Nf6 4. d4 exd4 5. Nxd4 Bb4 6. a3 Bxc3+ 7. bxc3 Nxe4 8. Qf3 0-0 9. Bd3 Nxc3 10. 0-0 Nxd4 11. Qe3 c5 12. Bb2 Re8 13. Qh3 Nce2+ 14. Kh1 h6 15. c3 d5 16. Qh5 Nf4 17. Qd1 Qg5 18. g3 Nxd3 19. Qxd3 Bf5 20. Qd1 Be4+ 21. f3 Nxf3 22. Rxf3 Qh5 23. Kg2 Bxf3+ 24. Qxf3 Re2+ 25. Qxe2 Qxe2+ 26. Kh3 Re8 27. Rb1 Re5 28. g4 Re3+ 29. Kh4 Qxh2# 0-1

[Event "FICGS rapid A 000247 email"]
[Site "FICGS email"]
[Date "2019.10.22"]
[Round "1"]
[White "Duttagupta, Aniruddha"]
[Black "Frenkel, Alex"]
[Result "1/2-1/2"]
[WhiteElo "2109"]
[BlackElo "1966"]
[PlyCount "154"]
[EventDate "2019.??.??"]
[EventType "tourn (rapid)"]
[EventRounds "6"]
[SourceTitle "Corr 2022"]
[Source "ChessBase"]
[SourceDate "2021.10.24"]
[SourceVersion "1"]
[SourceVersionDate "2021.10.24"]
[SourceQuality "1"]

1. c4 Nf6 2. Nc3 e5 3. Nf3 Nc6 4. e3 Bb4 5. Qc2 0-0 6. Nd5 Re8 7. Qf5 Be7 8. Nxe5 Nb4 9. Nxb4 Bxb4 10. Nf3 d5 11. Qd3 Bg4 12. a3 Be7 13. Be2 c5 14. 0-0 Bd6 15. cxd5 Nxd5 16. Rd1 Bh5 17. Qc4 a6 18. a4 Nb6 19. Qc2 Rc8 20. b3 Nd5 21. Bb2 Nf4 22. exf4 Rxe2 23. g4 Bxg4 24. Ng5 g6 25. Qc4 Qe7 26. f3 Bd7 27. Nxf7 Qxf7 28. Qxe2 Bxf4 29. Qc4 Bc6 30. Qxf7+ Kxf7 31. d4 Bxf3 32. Rd3 Be2 33. Rc3 Re8 34. Rxc5 Re4 35. Rc3 Be3+ 36. Kg2 h5 37. h3 g5 38. d5 g4 39. hxg4 Rxg4+ 40. Kh3 Re4 41. Kg2 Rg4+ 42. Kh3 Re4 43. Rc7+ Ke8 44. d6 Bg4+ 45. Kg2 Bf4 46. d7+ Bxd7 47. Kf3 Bxc7 48. Kxe4 h4 49. Re1 Ba5 50. Re3 Bb4 51. Bc3 Be7 52. Rd3 h3 53. Kf3 Bc5 54. Bd4 Bd6 55. Re3+ Kf7 56. Be5 Bc5 57. Rd3 Bf5 58. Rd1 Be6 59. Rc1 Be7 60. Rc3 Bb4 61. Rd3 Bf5 62. Rd4 Bc5 63. Rc4 Bg1 64. a5 Kg6 65. Rh4 Be6 66. Ke4 Kg5 67. Rh8 Kg4 68. Rf8 Bxb3 69. Rf4+ Kg5 70. Bf6+ Kg6 71. Rg4+ Kxf6 72. Rxg1 Ba4 73. Kf4 Ke6 74. Rb1 Bc6 75. Kg3 Bg2 76. Rd1 Kf5 77. Re1 Kg5 1/2-1/2

[Event "FICGS class C 000273 email"]
[Site "FICGS email"]
[Date "2019.10.11"]
[Round "1"]
[White "Frenkel, Alex"]
[Black "Wilson, Jaimie"]
[Result "1-0"]
[WhiteElo "1966"]
[BlackElo "1876"]
[PlyCount "65"]
[EventDate "2019.??.??"]
[EventType "tourn (corr)"]
[EventRounds "4"]
[SourceTitle "Corr 2022"]
[Source "ChessBase"]
[SourceDate "2021.10.24"]
[SourceVersion "1"]
[SourceVersionDate "2021.10.24"]
[SourceQuality "1"]

1. e4 e6 2. d4 d5 3. Nd2 Nf6 4. e5 Nfd7 5. Bd3 c5 6. c3 Nc6 7. Ne2 cxd4 8. cxd4 f6 9. exf6 Nxf6 10. 0-0 Bd6 11. Nf3 0-0 12. Bf4 Bxf4 13. Nxf4 Ne4 14. Qc1 Ng5 15. Nxg5 Qxg5 16. Bxh7+ Kxh7 17. Nxe6 Qf5 18. Nxf8+ Qxf8 19. Qg5 Bf5 20. Rfe1 Rd8 21. Re3 Rd6 22. Rf3 Rf6 23. Rf4 Kg8 24. Re1 Be4 25. Rxf6 Qxf6 26. Qxf6 gxf6 27. f3 Bg6 28. Kf2 Kf7 29. Rc1 Ke6 30. h4 Kd6 31. g4 Nxd4 32. h5 Bh7 33. Rc8 1-0

[Event "FICGS class C 000273 email"]
[Site "FICGS email"]
[Date "2019.10.11"]
[Round "1"]
[White "Vollmer, Steve"]
[Black "Frenkel, Alex"]
[Result "0-1"]
[WhiteElo "1756"]
[BlackElo "1966"]
[PlyCount "58"]
[EventDate "2019.??.??"]
[EventType "tourn (corr)"]
[EventRounds "4"]
[SourceTitle "Corr 2022"]
[Source "ChessBase"]
[SourceDate "2021.10.24"]
[SourceVersion "1"]
[SourceVersionDate "2021.10.24"]
[SourceQuality "1"]

1. d4 Nf6 2. c4 c5 3. Nf3 cxd4 4. Nxd4 e6 5. g3 d5 6. Bg2 e5 7. Nf3 d4 8. 0-0 Nc6 9. Nbd2 Be7 10. b4 e4 11. Ng5 e3 12. Nb3 exf2+ 13. Rxf2 0-0 14. Bxc6 bxc6 15. Qd3 h6 16. Rxf6 hxg5 17. Rf1 Bh3 18. Rd1 Bxb4 19. Nxd4 Re8 20. Be3 Qf6 21. Nf3 Rad8 22. Qb3 Rb8 23. Qd3 Bf5 24. Qd4 Qe7 25. Bf2 Qxe2 26. Nxg5 f6 27. Qf4 fxg5 28. Qxg5 Bh3 29. Re1 Qf3 0-1

[Event "FICGS rapid B 000326 email"]
[Site "FICGS email"]
[Date "2019.09.29"]
[Round "1"]
[White "Trigance, Emile"]
[Black "Frenkel, Alex"]
[Result "0-1"]
[WhiteElo "1716"]
[BlackElo "1966"]
[PlyCount "76"]
[EventDate "2019.??.??"]
[EventType "tourn (rapid)"]
[EventRounds "6"]
[SourceTitle "Corr 2022"]
[Source "ChessBase"]
[SourceDate "2021.10.24"]
[SourceVersion "1"]
[SourceVersionDate "2021.10.24"]
[SourceQuality "1"]

1. e4 e5 2. f4 d5 3. exd5 e4 4. d3 exd3 5. Bxd3 Qxd5 6. Nc3 Bb4 7. Qe2+ Qe6 8. Bd2 Nf6 9. Nf3 Qxe2+ 10. Nxe2 Bxd2+ 11. Nxd2 Nbd7 12. Nc3 Nc5 13. Bc4 Be6 14. Bxe6 Nxe6 15. g3 Nd4 16. 0-0-0 0-0-0 17. Rhe1 Ng4 18. Re7 Rhf8 19. Nf1 Ne6 20. f5 Rxd1+ 21. Kxd1 Nd4 22. Nd5 Rd8 23. Rxc7+ Kb8 24. c4 Rxd5 25. Rxb7+ Kxb7 26. cxd5 Kb6 27. Kd2 Nxf5 28. Kd3 Kc5 29. Ke4 Nd6+ 30. Kf4 Nf2 31. Kf3 Nd3 32. b3 Nc1 33. Nd2 Nxa2 34. Ke3 Nc1 35. g4 a5 36. h3 g5 37. Kf3 Kxd5 38. Ke3 Kc5 0-1

[Event "FICGS rapid C 000183 email"]
[Site "FICGS email"]
[Date "2018.09.03"]
[Round "1"]
[White "Frenkel, Alex"]
[Black "Fioravanti, Diego"]
[Result "1-0"]
[WhiteElo "1872"]
[BlackElo "1751"]
[PlyCount "61"]
[EventDate "2018.??.??"]
[EventType "tourn (rapid)"]
[EventRounds "4"]
[SourceTitle "Corr 2022"]
[Source "ChessBase"]
[SourceDate "2021.10.24"]
[SourceVersion "1"]
[SourceVersionDate "2021.10.24"]
[SourceQuality "1"]

1. e4 c5 2. Nf3 Nc6 3. d4 cxd4 4. Nxd4 e6 5. Nc3 a6 6. Be2 Qc7 7. 0-0 Nf6 8. Be3 b5 9. a4 b4 10. Na2 Nxe4 11. Nxc6 Qxc6 12. Qd4 d5 13. Nxb4 Qc5 14. c3 Qxd4 15. Bxd4 Nd2 16. Rfe1 Bxb4 17. cxb4 f6 18. Rad1 Nb3 19. Bb6 Bd7 20. Rd3 a5 21. Rxb3 Bxa4 22. Ra3 Bd7 23. bxa5 Ke7 24. Bc5+ Kd8 25. b4 Rc8 26. a6 Bc6 27. b5 Ba8 28. Rc3 Kd7 29. b6 Rb8 30. Bb5+ Kd8 31. Rxe6 1-0

[Event "FICGS rapid C 000183 email"]
[Site "FICGS email"]
[Date "2018.09.03"]
[Round "1"]
[White "Sharma, Vivek"]
[Black "Frenkel, Alex"]
[Result "0-1"]
[WhiteElo "1588"]
[BlackElo "1872"]
[PlyCount "56"]
[EventDate "2018.??.??"]
[EventType "tourn (rapid)"]
[EventRounds "4"]
[SourceTitle "Corr 2022"]
[Source "ChessBase"]
[SourceDate "2021.10.24"]
[SourceVersion "1"]
[SourceVersionDate "2021.10.24"]
[SourceQuality "1"]

1. e4 e5 2. f4 d5 3. exd5 e4 4. Nc3 Nf6 5. Bc4 Bc5 6. d4 exd3 7. Qxd3 0-0 8. Bd2 Ng4 9. Ne4 Bf5 10. Qg3 Qe7 11. 0-0-0 Qxe4 12. Bd3 Qxd5 13. Kb1 Nf2 14. Bc3 g6 15. Ne2 Nxh1 16. Rxh1 Bxd3 17. cxd3 Re8 18. Be5 f6 19. Nc3 Qc6 20. d4 Bb6 21. d5 Qd7 22. Bxf6 Qf5+ 23. Ka1 Qxf6 24. Rf1 Na6 25. f5 Re5 26. h4 Rxf5 27. h5 Rxf1+ 28. Nb1 Qf5 0-1

[Event "FICGS rapid C 000181 email"]
[Site "FICGS email"]
[Date "2018.08.25"]
[Round "1"]
[White "Frenkel, Alex"]
[Black "Liberati, Riccardo"]
[Result "1-0"]
[WhiteElo "1808"]
[BlackElo "1842"]
[PlyCount "23"]
[EventDate "2018.??.??"]
[EventType "tourn (rapid)"]
[EventRounds "4"]
[SourceTitle "Corr 2022"]
[Source "ChessBase"]
[SourceDate "2021.10.24"]
[SourceVersion "1"]
[SourceVersionDate "2021.10.24"]
[SourceQuality "1"]

1. e4 e5 2. Nf3 Nc6 3. Bb5 a6 4. Ba4 Nf6 5. 0-0 Be7 6. Re1 b5 7. Bb3 0-0 8. c3 d5 9. exd5 Nxd5 10. Nxe5 Nxe5 11. Rxe5 f6 12. Rxd5 1-0

[Event "FICGS rapid B 000285 email"]
[Site "FICGS email"]
[Date "2018.06.22"]
[Round "1"]
[White "Domingo Gadea, Jordi"]
[Black "Frenkel, Alex"]
[Result "1-0"]
[WhiteElo "1863"]
[BlackElo "1777"]
[PlyCount "81"]
[EventDate "2018.??.??"]
[EventType "tourn (rapid)"]
[EventRounds "6"]
[SourceTitle "Corr 2022"]
[Source "ChessBase"]
[SourceDate "2021.10.24"]
[SourceVersion "1"]
[SourceVersionDate "2021.10.24"]
[SourceQuality "1"]

1. e4 e5 2. Nf3 Nc6 3. Bc4 Nf6 4. Ng5 d5 5. exd5 b5 6. Bf1 h6 7. Nxf7 Kxf7 8. dxc6 Bc5 9. Be2 Qd5 10. 0-0 Qxc6 11. Nc3 Rb8 12. Bf3 Qd6 13. Ne4 Nxe4 14. Bxe4 g6 15. d3 Kg7 16. Be3 Bxe3 17. fxe3 Bd7 18. Qf3 Rhf8 19. Qg3 b4 20. Rxf8 Rxf8 21. a3 Rb8 22. axb4 Rxb4 23. Rf1 a5 24. Qf2 Be8 25. c3 Rb8 26. Bd5 c6 27. Bc4 a4 28. h3 Rb7 29. e4 c5 30. Bd5 Rc7 31. d4 exd4 32. cxd4 Kh7 33. Qf8 Qxf8 34. Rxf8 Bb5 35. Rb8 Bd3 36. dxc5 Rxc5 37. Rb7+ Kh8 38. Kf2 Rc2+ 39. Kg3 Rd2 40. e5 Be4 41. Bxe4 1-0